The world of travel and taurism, the way forward : (Record no. 23488)

MARC details
000 -LEADER
fixed length control field 00867nam a2200241#a 4500
001 - CONTROL NUMBER
control field 01927
003 - CONTROL NUMBER IDENTIFIER
control field HDC
007 - PHYSICAL DESCRIPTION FIXED FIELD--GENERAL INFORMATION
fixed length control field ta
008 - FIXED-LENGTH DATA ELEMENTS--GENERAL INFORMATION
fixed length control field 230623s2011 xx 000 0 eng d
040 ## - CATALOGING SOURCE
Original cataloging agency HDC
050 ## - LIBRARY OF CONGRESS CALL NUMBER
Classification number doc HF5686
Item number .H75 W44 2011
100 ## - MAIN ENTRY--PERSONAL NAME
Personal name Wee, Victor,
Titles and words associated with a name Datuk Dr.
245 #0 - TITLE STATEMENT
Title The world of travel and taurism, the way forward :
Remainder of title opportunities in Asia, Asean Hotel and Restaurant Association (AHRA) Conference, Kuala Lumpur Convention Centre, Kuala Lumpur, 8.00am, 22 September 2011 /
Statement of responsibility, etc. by Victor Wee.
264 ## - PRODUCTION, PUBLICATION, DISTRIBUTION, MANUFACTURE, AND COPYRIGHT NOTICE
Place of production, publication, distribution, manufacture Kuala Lumpur :
Name of producer, publisher, distributor, manufacturer Tourism Malaysia,
Date of production, publication, distribution, manufacture, or copyright notice 2011.
300 ## - PHYSICAL DESCRIPTION
Extent various paging. :
Other physical details ill. ;
Dimensions 29cm.
650 ## - SUBJECT ADDED ENTRY--TOPICAL TERM
Topical term or geographic name entry element Hotels management
Form subdivision Congresses.
650 ## - SUBJECT ADDED ENTRY--TOPICAL TERM
Topical term or geographic name entry element Restaurants management
Geographic subdivision Asean
Form subdivision Congresses.
710 ## - ADDED ENTRY--CORPORATE NAME
Corporate name or jurisdiction name as entry element Asean Hotel & Restaurant Association.
942 ## - ADDED ENTRY ELEMENTS (KOHA)
Source of classification or shelving scheme Library of Congress Classification
942 ## - ADDED ENTRY ELEMENTS (KOHA)
Koha item type Book
942 ## - ADDED ENTRY ELEMENTS (KOHA)
Call number prefix doc HF5686
942 ## - ADDED ENTRY ELEMENTS (KOHA)
Call number suffix .H75 W44 2011
Holdings
Withdrawn status Lost status Source of classification or shelving scheme Damaged status Not for loan Collection Home library Current library Shelving location Date acquired Total checkouts Full call number Date last seen Price effective from Koha item type
    Library of Congress Classification     Non-fiction Halal Development Corporation Library Halal Development Corporation Library Open Shelves 17/11/2020   doc HF5686 .H75 W44 2011 24/05/2023 24/05/2023 Book
Halal Development Corporation Berhad (HDC)
5.02 Level 5, KPMG Tower, First Avenue, Persiaran Bandar Utama, 47800 Petaling Jaya, Selangor Darul Ehsan
Phone: +603 7965 5489 Email: [email protected]